000 00712nam a2200265Ia 4500
003 OSt
005 20221006153546.0
006 a|||||r|||| 00| 0
007 ta
008 221006b |||||||| |||| 00| 0 eng d
020 _a9629370816
024 _a32,691
037 _cTextual
040 _aEASL
_cEASL
_beng
041 _2eng
_aeng
082 _aV41.N9, P3
100 _aCheng Joseph Y S Ed.
_9660291
245 0 _aChina's challenges in the 21st century
260 _aHong Kong
_bCity University of Hong Press
_c2003
300 _ap.
_ccm.
490 _v CEL
650 _aPolitics
_9265771
942 _hV41.N9, P3
_cTEXL
_2CC
999 _c1100777
_d1100777